00612nam a2200169Ia 4500008004000000020001800040082001500058100004700073245002700120260006000147300001300207650002500220690001500245906001100260999001900271952015200290210210b2002 xxu||||| |||| 00| 0 eng d a0 7619 6510 6 a070.1 LIEH aLIEVROUW (Leah A) and LIVINGSTONE (Sonia). aHandbook of new media. aNew Delhi.bSage Publications India Pvt. Limited.c2002 axxiv,564 aMass Media Culture  aJournalism a057472 c104961d104961 001040738JournalismaALbALcJournalismd2021-02-17eBook World, Mangalore.g5731.00l0o070.1 LIEHp057472r2021-02-17 00:00:00w2021-02-17yBK